000 00742nam a2200181Ia 4500
008 100920s9999 xx 000 0 und d
082 _b42723
_a28 व 51 थ 80
100 _aमथुरे सुरेश.
245 _aविज्ञानाचे वाटाडे (भाग पहिला).
260 _bअनिरुध्द साहित्य, पुणे.
_c1980
300 _a67
_bसाधी
365 _b6
520 _aबा. वि चरित्र.
630 _aविज्ञानाचे वाटाडे (भाग पहिला).
650 _aबा. वि चरित्र.
730 _aविज्ञानाचे वाटाडे (भाग पहिला).
942 _cBOOK
999 _c692711
_d692708